• 首页
  • 本馆介绍
  • 公告通知
  • 最新文献
  • 馆藏检索
  • 电子资源
  • 读者导购
  • 参考咨询
  • 我的图书馆
  • 登录
  • 详细信息显示
  • 放入我的书架
  • 预约/预借图书
  • 作者相关作品
  • 分类相关作品
  • 丛书相关作品
  • 出版社相关作品

书目信息

  • 表格格式
  • 工作单格式
  • 卡片格式
题名:
科学业迹的辩伪
    
 
作者: 樊洪业 著
分册:  
出版信息: 上海   上海人民出版社  1982
页数: 128页
开本: 19cm
丛书名:
单 册:
中图分类: N09
科图分类:
主题词: 自然科学史
电子资源:
ISBN:
000 00579nam0 2200229 45
001 0182001385
005 20060801081802.96
010    @dCNY0.35
091    @a2074.401
100    @a19950422d1982 emky0chiy0121 ea
101 0  @achi
102    @aCN@b310000
105    @ay z 000yy
200 10 @a科学业迹的辩伪@Ake xue ye ji de bian wei@f樊洪业著
210    @a上海@c上海人民出版社@d1982
215    @a128页@d19cm
606    @a自然科学史
690    @aN09@v3 
701  0 @a樊洪业@Afan hong ye@4著
801  2 @aCN@bNLC@c20060801
801  0 @aCN@bTSSF
905    @a10447@dN09@e128
    
    科学业迹的辩伪/樊洪业著.-上海:上海人民出版社,1982
    128页;19cm
    
    
    ISBN :CNY0.35
    
●
相关链接 在E读中查询图书 在五车中查询图书 在当当中查询图书 在豆瓣中查询图书


正题名:科学业迹的辩伪     索取号:N09/128         预约/预借

序号 登录号 条形码 馆藏地/架位号 状态 备注
1 0439243   204392433   密集书库/ [索取号:N09/128] 在馆    
唐山师范学院图书馆 欢迎您!
大连网信软件有限公司© 版权所有